<?xml version="1.0" encoding="UTF-8"?><marc:collection xmlns:marc="http://www.loc.gov/MARC21/slim">
  <marc:record>
    <marc:leader>00000nam##2200000za#4500</marc:leader>
    <marc:controlfield tag="001">9.644444</marc:controlfield>
    <marc:controlfield tag="003">CaOODSP</marc:controlfield>
    <marc:controlfield tag="005">20210726111539</marc:controlfield>
    <marc:controlfield tag="007">ta</marc:controlfield>
    <marc:controlfield tag="008">150407|1990||||xxc|||||     f|0| 0 eng|d</marc:controlfield>
    <marc:datafield tag="020" ind1=" " ind2=" ">
      <marc:subfield code="a">0-660-12110-7</marc:subfield>
    </marc:datafield>
    <marc:datafield tag="040" ind1=" " ind2=" ">
      <marc:subfield code="a">CaOODSP</marc:subfield>
      <marc:subfield code="b">eng</marc:subfield>
    </marc:datafield>
    <marc:datafield tag="043" ind1=" " ind2=" ">
      <marc:subfield code="a">n-cn---</marc:subfield>
    </marc:datafield>
    <marc:datafield tag="086" ind1="1" ind2=" ">
      <marc:subfield code="a">P35-30/1-1990E</marc:subfield>
    </marc:datafield>
    <marc:datafield tag="110" ind1="1" ind2=" ">
      <marc:subfield code="a">Canada. </marc:subfield>
      <marc:subfield code="b">Supply and Services Canada.</marc:subfield>
    </marc:datafield>
    <marc:datafield tag="245" ind1="1" ind2="0">
      <marc:subfield code="a">Impressions : </marc:subfield>
      <marc:subfield code="b">stories of the nation's printer - early years to 1900 </marc:subfield>
    </marc:datafield>
    <marc:datafield tag="260" ind1=" " ind2=" ">
      <marc:subfield code="b">Supply and Services Canada </marc:subfield>
      <marc:subfield code="c">1990.</marc:subfield>
    </marc:datafield>
    <marc:datafield tag="300" ind1=" " ind2=" ">
      <marc:subfield code="a">iii, 178p. : </marc:subfield>
      <marc:subfield code="b">illus. ; </marc:subfield>
      <marc:subfield code="c">28 cm.</marc:subfield>
    </marc:datafield>
    <marc:datafield tag="500" ind1=" " ind2=" ">
      <marc:subfield code="a">This publication about the early years of government printing services is far from a dry documentation of facts on organizational and technological development. It is the story of the "nation's printers," the people in the organization who made and continue to make progress possible through their ability to adapt to the changes that new inventions, techniques and technologies bring to any activity. It describes the people, activities and events that shaped the organization and played such an important part in the working and social lives of its employees. This volume recounts the early history of government printing, from 1752 to the creation of the office of Queen's Printer in 1869. It takes us through the years of the first contract system, the failure of which ultimately led to the establishment of the Department of Public Printing and Stationery in 1886. The introduction gives an overview of present day printing and publishing activities and also includes a special section on the current production of the Hansards. The last section is devoted to the building of the first Printing Bureau in 1889, working in the Bureau, and the introduction of the first linotype machines. For those in the private printing sector, "IMPRESSIONS" reflects the developments and changes in their industry as a whole. For everyone, this story of one of Canada's oldest institutions gives an insight into the impact of many socio-political events which affected the lives of us all.</marc:subfield>
    </marc:datafield>
    <marc:datafield tag="520" ind1="3" ind2=" ">
      <marc:subfield code="a">This volume highlights a number of milestones in the development of government printing and chronicles events and circumstances which led to the creation of the Office of Queen's Printer shortly after Confederation and later, to the establishment of the Department of Public Printing and Stationery.</marc:subfield>
    </marc:datafield>
    <marc:datafield tag="563" ind1=" " ind2=" ">
      <marc:subfield code="a">Softcover</marc:subfield>
    </marc:datafield>
    <marc:datafield tag="690" ind1="0" ind2="7">
      <marc:subfield code="a">Federal government</marc:subfield>
      <marc:subfield code="2">gcpds</marc:subfield>
    </marc:datafield>
    <marc:datafield tag="690" ind1="0" ind2="7">
      <marc:subfield code="a">Printing</marc:subfield>
      <marc:subfield code="2">gcpds</marc:subfield>
    </marc:datafield>
    <marc:datafield tag="690" ind1="0" ind2="7">
      <marc:subfield code="a">Government publications</marc:subfield>
      <marc:subfield code="2">gcpds</marc:subfield>
    </marc:datafield>
    <marc:datafield tag="775" ind1="0" ind2="8">
      <marc:subfield code="t">Impressions : </marc:subfield>
      <marc:subfield code="w">(CaOODSP)9.678292</marc:subfield>
    </marc:datafield>
    <marc:datafield tag="776" ind1="0" ind2="#">
      <marc:subfield code="t">Impressions : </marc:subfield>
      <marc:subfield code="w">(CaOODSP)9.699653</marc:subfield>
    </marc:datafield>
  </marc:record>
</marc:collection>
